000 00579cam a22002053a 4500
001 45422
003 PGUSA
005 20140828084042.0
008 140416s2014||||xxu|||||s|||||000 | eng d
040 _aPGUSA
_beng
042 _adc
100 1 _aSchweitzer, Albert
245 1 4 _aThe Quest of the Historical Jesus
_h[electronic resource] /
_cAlbert Schweitzer
260 _bProject Gutenberg,
_c2014
506 _aPublic domain in the USA.
516 _aElectronic text
830 0 _aProject Gutenberg
_v45422
856 4 0 _uhttp://www.gutenberg.org/ebooks/45422
942 _cEB
999 _c274673
_d274673